Nine choices : Johnny Cash and American culture /

Bibliographic Details
Main Author: Silverman, Jonathan, 1965-
Format: eBook
Language:English
Published: Amherst : University of Massachusetts Press, [2010]
Subjects:
Online Access:Connect to the full text of this electronic book

MARC

Tag First Indicator Second Indicator Subfields
LEADER 00000cam a22000004a 4500
001 in00003293133
005 20190405174758.0
006 m d
007 cr |||||||nn|n
008 100407s2010 mau o d eng d
010 |z  2010014697 
020 |a 9781613760437 
020 |a 1613760434 
020 |z 9781558498273 (pbk. : alk. paper) 
020 |z 1558498273 (pbk. : alk. paper) 
020 |z 9781558498266 (library cloth : alk. paper) 
020 |z 1558498265 (library cloth : alk. paper) 
035 |a (MdBmJHUP)muse9781613760437 
040 |a MdBmJHUP  |c MdBmJHUP  |d UtOrBLW 
043 |a n-us--- 
050 0 0 |a ML420.C265  |b S55 2010 
082 0 0 |a 782.421642092  |a B  |2 22 
100 1 |a Silverman, Jonathan,  |d 1965- 
245 1 0 |a Nine choices :  |b Johnny Cash and American culture /  |c Jonathan Silverman. 
264 1 |a Amherst :  |b University of Massachusetts Press,  |c [2010] 
264 4 |c ©2010 
300 |a 1 online resource (xi, 278 pages, 16 unnumbered pages of plates :) :  |b illustrations 
336 |a text  |b txt  |2 rdacontent 
337 |a computer  |b c  |2 rdamedia 
338 |a online resource  |b cr  |2 rdacarrier 
504 |a Includes bibliographical references and index. 
588 |a Description based on print version record. 
500 |a Electronic resource. 
600 1 0 |a Cash, Johnny. 
650 0 |a Country musicians  |z United States  |v Biography. 
655 7 |a Electronic books.  |2 local 
856 4 0 |u http://proxy.library.tamu.edu/login?url=http://muse.jhu.edu/books/9781613760437/  |z Connect to the full text of this electronic book  |t 0 
999 |a MARS 
999 f f |s 2d28c893-53bb-3369-b683-79aa52b8cdce  |i fc0cb1bb-8830-3327-8b89-187f30f2a0ec  |t 0 
952 f f |a Texas A&M University  |b College Station  |c Electronic Resources  |d Available Online  |t 0  |e ML420.C265 S55 2010  |h Library of Congress classification 
998 f f |a ML420.C265 S55 2010  |t 0  |l Available Online